Library Banner

Tips and tricks for web site managers (Record no. 26378)

MARC details
000 -LEADER
fixed length control field 00438nam a2200181Ia 4500
001 - CONTROL NUMBER
control field 26215
008 - FIXED-LENGTH DATA ELEMENTS--GENERAL INFORMATION
fixed length control field 140414s9999 xx 000 0 und d
020 ## - INTERNATIONAL STANDARD BOOK NUMBER
International Standard Book Number 0-851424-39-2
040 ## - CATALOGING SOURCE
Transcribing agency PK-LaUMT
082 ## - DEWEY DECIMAL CLASSIFICATION NUMBER
Classification number 004.67
Item number TIP-
100 ## - MAIN ENTRY--PERSONAL NAME
Personal name Mark Kerr
245 ## - TITLE STATEMENT
Title Tips and tricks for web site managers
Statement of responsibility, etc Mark Kerr
260 ## - PUBLICATION, DISTRIBUTION, ETC. (IMPRINT)
Place of publication, distribution, etc London,UK:
Name of publisher, distributor, etc Aslib,
Date of publication, distribution, etc 2001
300 ## - PHYSICAL DESCRIPTION
Extent 170 p.
546 ## - LANGUAGE NOTE
Language note EN
650 ## - SUBJECT ADDED ENTRY--TOPICAL TERM
Topical term or geographic name as entry element Computer networks
942 ## - ADDED ENTRY ELEMENTS (KOHA)
Koha item type Books
Holdings
Withdrawn status Lost status Source of classification or shelving scheme Damaged status Not for loan Home library Current library Date acquired Total Checkouts Full call number Barcode Date last seen Price effective from Koha item type
    Dewey Decimal Classification     UMT Main Campus UMT Main Campus 2014-06-20   004.67 TIP- 30339 2014-06-20 2014-06-20 Books